000 00697nam a2200217 a 4500
001 000011204
005 20240412074224.0
008 091015t1981 xxu 000 p spa d
020 _a0899222145
040 _aDO-SdBNP
_bspa
_cBNPHU
082 _aRD861.44
_bL817po
100 1 _aLockward Pérez, Jorge Alfonso,
_d1937-2001.
_92059
245 1 0 _aPoemas de un cristiano ausente /
_cAlfonso J. Lockward.
260 _aMiami, Florida :
_bCaribe,
_c1981.
300 _a190 p. ;
_c20 cm.
590 _aInventariado, 2018/LP
650 0 _aPoesía dominicana
_966
650 4 _aPoesía religiosa dominicana
_924595
650 0 _aLiteratura dominicana.
_967
910 _aValidado. Control de calidad EMS.
999 _c10923
_d10923